Nghệ thuật lãnh đạo doanh nghiệp : (Biết người, dùng người, và thu phục người)
محفوظ في:
| التنسيق: | كتاب |
|---|---|
| اللغة: | Undetermined |
| منشور في: |
Hà Nội
Thống kê
2006
|
| الموضوعات: | |
| الوسوم: |
إضافة وسم
لا توجد وسوم, كن أول من يضع وسما على هذه التسجيلة!
|
| Thư viện lưu trữ: | Trung tâm Học liệu Trường Đại học Cần Thơ |
|---|
| LEADER | 00656nam a2200205Ia 4500 | ||
|---|---|---|---|
| 001 | CTU_119018 | ||
| 008 | 210402s9999 xx 000 0 und d | ||
| 020 | |c 65000 | ||
| 082 | |a 658.3 | ||
| 082 | |b Ngh250 | ||
| 245 | 0 | |a Nghệ thuật lãnh đạo doanh nghiệp : | |
| 245 | 0 | |b (Biết người, dùng người, và thu phục người) | |
| 245 | 0 | |c Minh Giang, Nguyệt Ánh (Biên soạn) | |
| 260 | |a Hà Nội | ||
| 260 | |b Thống kê | ||
| 260 | |c 2006 | ||
| 650 | |a Business enterprises,Personnel management | ||
| 650 | |x Management | ||
| 904 | |i Minh | ||
| 980 | |a Trung tâm Học liệu Trường Đại học Cần Thơ | ||